| 000 | 00514cam a2200169 a 4500 | ||
|---|---|---|---|
| 005 | 20250901165303.0 | ||
| 008 | 920325s1993 nyua b 001 0 eng | ||
| 010 | _a 92010738 | ||
| 020 | _a0060451351 | ||
| 050 | 0 | 0 |
_aHM51 .P448 1993 _b.P448 1993 |
| 082 | 0 | 0 |
_a301 _220 |
| 100 | 1 | _aPersell, Caroline Hodges. | |
| 245 | 1 | 0 |
_aMaking sense of society / _cCaroline Hodges Persell, Peter W. Cookson, Jr. |
| 260 |
_aNew York, NY : _bHarperCollins, _cc1993. |
||
| 300 |
_axviii, 173 p. : _bill. ; _c24 cm. |
||
| 942 | _2ddc | ||
| 999 |
_c1582 _d1582 |
||